De la casa al taller : (Record no. 113063)
[ view plain ]
| 000 -CABECERA | |
|---|---|
| campo de control de longitud fija | 00797nam a2200205 a 4500 |
| 005 - FECHA Y HORA DE LA ÚLTIMA TRANSACCIÓN | |
| campo de control | 20220815095951.0 |
| 008 - ELEMENTOS DE LONGITUD FIJA--INFORMACIÓN GENERAL | |
| campo de control de longitud fija | 051031s1990 mx r 000 0 spa d |
| 020 ## - NÚMERO INTERNACIONAL NORMALIZADO PARA LIBROS | |
| Número Internacional Estándar del Libro | 9687230630 |
| 035 ## - NÚMERO DE CONTROL DEL SISTEMA | |
| Número de control de sistema | UPN01000140915 |
| 049 ## - COLECCIÓN | |
| Colección | CG |
| 050 #4 - SIGNATURA TOPOGRÁFICA DE LA BIBLIOTECA DEL CONGRESO | |
| Número de clasificación | HD6101 M7 |
| Número de documento/Ítem | W4.38 |
| 100 1# - ASIENTO PRINCIPAL--NOMBRE PERSONAL | |
| Nombre de persona | Wilson, Fiona |
| 245 10 - MENCIÓN DE TÍTULO | |
| Título | De la casa al taller : |
| Resto del título | mujeres, trabajo y clase social en la industria textil y del vestido, Santiago Tangamandapio / |
| Mención de responsabilidad, etc. | Fiona Wilson ; tr. Pastora Rodríguez Aviñoá. |
| 260 ## - PUBLICACIÓN, DISTRIBUCIÓN, ETC. | |
| Lugar de publicación, distribución, etc. | Zamora, Mich. : |
| Nombre del editor, distribuidor, etc. | El Colegio de Michoacán, |
| Fecha de publicación, distribución, etc. | 1990. |
| 300 ## - DESCRIPCIÓN FÍSICA | |
| Extensión | 238 p. |
| 650 #7 - ASIENTO SECUNDARIO DE MATERIA - TERMINO TEMATICO | |
| Término de materia o nombre geográfico como elemento de entrada | Mujeres |
| Subdivisión general | Empleo |
| Subdivisión geográfica | México |
| Fuente del encabezamiento o término | |
| 9 (RLIN) | 9091 |
| 650 #2 - ASIENTO SECUNDARIO DE MATERIA - TERMINO TEMATICO | |
| Término de materia o nombre geográfico como elemento de entrada | Mujeres |
| Subdivisión general | Historia y condición de la mujer |
| 9 (RLIN) | 1583 |
| 740 0# - ASIENTO SECUNDARIO - TÍTULOS RELACIONADOS /ANALITICOS NO CONTROLADOS | |
| Título relacionado o analítico no controlado | Mujeres, trabajo y clase social en la industria textil y del vestido, Santiago Tangamandapio |
| 905 ## - TIPO DE MATERIAL | |
| Tipo de material | Libro |
| Estado de retiro | Estado de pérdida | Fuente del sistema de clasificación o colocación | Estado dañado | No para préstamo | Código de colección | Localización permanente | Ubicación/localización actual | Ubicación en estantería | Total de préstamos | Clasificación | Código de barras | Fecha visto por última vez | Número de copia | Tipo de ítem Koha |
|---|---|---|---|---|---|---|---|---|---|---|---|---|---|---|
| Library of Congress Classification | Colección General | Bib. Gregorio Torres Quintero | Bib. Gregorio Torres Quintero | Planta baja | 3 | HD6101 M7 W4.38 | 95423 | 31/12/2020 | 1 | Libro |
